| 000 | 00390nam a2200133Ia 4500 | ||
|---|---|---|---|
| 008 | 230917s9999||||xx |||||||||||||| ||und|| | ||
| 040 |
_e159857 _aMAIN |
||
| 041 | _aEnglish | ||
| 082 | _a582 A97D | ||
| 100 | _aArya, Neelam | ||
| 245 | 0 | _aDevelopment of sulphur-rich show release fertilizers for improved nutrient utilization and high yield of oil crops | |
| 300 | _a236 p. | ||
| 942 | _cTH | ||
| 999 |
_c124970 _d124970 |
||